| 000 | 00733nam a2200205Ii 4500 | ||
|---|---|---|---|
| 003 | JO-AjNU | ||
| 008 | 230605s9999||||xx |||||||||||||| ||und|| | ||
| 040 |
_aJO-AjNU _bara _erda _cJO-AjNU |
||
| 041 | _aara | ||
| 050 | 1 | 4 | _aDS38.14.T2.1991 |
| 100 | 3 |
_aتاليف: الطبري، ابي جعفر محمد بن جرير, _eauthor _959014 |
|
| 245 | 0 | 0 | _aفهارس تاريخ الطبري: تاريخ الامم والملوك، مج 6 |
| 250 | _aط3 | ||
| 264 | 3 | 1 | _aبيروت: دار الكتب العلمية،1991 |
| 300 | _aج6: 404ص | ||
| 336 |
_atext _btxt _2rdacontent |
||
| 337 |
_aunmediated _bn _2rdamedia |
||
| 338 |
_avolume _bnc _2rdacarrier |
||
| 650 | 4 |
_aالتاريخ الاسلامي - عالم عربي _959015 |
|
| 999 |
_aA26535 _c30103 _d30103 |
||